| 000 | 00482nam a2200193Ia 4500 | ||
|---|---|---|---|
| 008 | 170918s9999 xx 000 0 und d | ||
| 020 | _a9780545387729 | ||
| 050 | _bS757 2012 | ||
| 100 | _aSpinelli, Jerry | ||
| 245 | _aThird grade angels / | ||
| 245 | _cby Jerry Spinelli ; illustrated by Jennifer A. Bell. | ||
| 260 | _aNew York : | ||
| 260 | _bScholastic, | ||
| 260 | _c2012 | ||
| 300 | _a133 pages : | ||
| 300 | _billustrations ; | ||
| 300 | _c19cm. | ||
| 500 | _a390 | ||
| 999 |
_c344382 _d344382 |
||